Por no vacunarse (Record no. 127848)

MARC details
000 -LEADER
campo de control de longitud fija 00587nam a2200181 4500
001 - NÚMERO DE CONTROL
campo de control 127848
003 - IDENTIFICADOR DE NÚMERO DE CONTROL
campo de control ES-MaACL
005 - FECHA Y HORA DE LA ÚLTIMA TRANSACCIÓN
campo de control 20230906193112.0
007 - CAMPO FIJO DE DESCRIPCIÓN FÍSICA--INFORMACIÓN GENERAL
campo de control de longitud fija t|
008 - DATOS DE LONGITUD FIJA--INFORMACIÓN GENERAL
campo de control de longitud fija 070214s1918 sp r ||||1| spa d
100 1# - ENTRADA PRINCIPAL--NOMBRE DE PERSONA
Nombre de persona Rivellés e Ibáñez, Federico.
9 (RLIN) 97603
245 10 - MENCIÓN DEL TÍTULO
Título Por no vacunarse
Resto del título : narración de Higiene para niños : premiada en el concurso de 1917 /
Mención de responsabilidad, etc. Federico Rivellés e Ibáñez.
260 ## - PUBLICACIÓN, DISTRIBUCIÓN, ETC.
Lugar de publicación, distribución, etc. Madrid :
Nombre del editor, distribuidor, etc. [s. n.],
Fecha de publicación, distribución, etc. 1918.
490 1# - MENCIÓN DE SERIE
Mención de serie Biblioteca pro infantia
830 0# - PUNTO DE ACCESO ADICIONAL DE SERIE-TÍTULO UNIFORME
Título uniforme Biblioteca pro infantia
9 (RLIN) 183281
852 ## - LOCALIZACIÓN
Ubicación ES-MaACL
Número de control de estantería 1559-F-8
Holdings
Estatus retirado Estado de pérdida Estado de daño No para préstamo Colección Biblioteca de origen Biblioteca actual Ubicación en estantería Fecha de adquisición Fuente de adquisición Total de préstamos Signatura topográfica completa Código de barras Visto por última vez Precio de reemplazo Tipo de ítem Koha
        Colección de folletos Biblioteca del Ateneo de Madrid Biblioteca del Ateneo de Madrid Depósito folletos 17/01/2008     1559-F-8 1133160 23/02/2023 23/02/2023 Folleto